Quizzes
Events
Quiz Creation
Community
Videos
Private Events
Remove Ads
Sign In
Join for FREE
Feedback
Dark Mode
Quiz Categories
Sports
Geography
Music
Movies
Television
Just For Fun
Miscellaneous
History
Literature
Language
Science
Gaming
Entertainment
Religion
Holiday
For Kids
Quiz Lab
Recent
Popular Today
Quiz Kudos Today
Editor Picks
Curator Picks
Quizzes by...
Day
Popularity
Type
Ratings
Length
Year
Community
Subscriptions
Recent Discussions
Orange Saloon
Badges
Playlists
Quests
Create
Leaderboards
Showdown
Live 5
Trivia Bingo
Activity
Puzzle Library
Sporcle Events
Private Events
Virtual Trivia
Globe League
Become a Host
Pub Owners
SporcleCon
Opinionation
Our Games
Videos
Blog
Mobile Apps
Partnerships
Remove Ads and Go Orange
Feedback
Sports
Athletes
MLB
NBA
NHL
NFL
Soccer
Sports Teams
WWE
NCAA
Football
Premier League
Basketball
Baseball
Hockey
Golf
Tennis
Cricket
Rugby
Auto Racing
Olympics
World Cup
Sports
Athletes
MLB
NBA
NHL
NFL
Soccer
Sports Teams
WWE
NCAA
Football
Premier League
Basketball
Baseball
Hockey
Golf
Tennis
Cricket
Rugby
Auto Racing
Olympics
World Cup
Random Quiz
Search Sporcle
×
Quiz Lab
Quiz Lab
Sports
Yard
Type in answers that appear in a list
Type in answers that appear in a list
Classic
Best Score? Go Orange.
Steelers 1,000 yard receivers Stats
Can you name the Pittsburgh Steelers 1,000 yard receivers?
By
joryrand
3m
10 Questions
423 Plays
423 Plays
423 Plays
Comments
Comments
Give Quiz Kudos
Give Quiz Kudos
-
- Ratings
hide this ad
Replay
Link that replays current quiz
Next Quiz
Link to next quiz in quiz playlist
You Got
0%
They Got
Avg Score
57%
Avg Friend Score
Upgrade to see
Score Distribution
Jump to the score distribution portion of the page
Score
0/10
Timer
03:00
0
Plays Today
% Correct
Hines Ward
98.8%
John Stallworth
84.2%
Plaxico Burress
75.7%
Santonio Holmes
74%
Mike Wallace
71.9%
Yancey Thigpen
54.4%
Louis Lipps
54.1%
Charles Johnson
35.5%
Roy Jefferson
12.5%
Buddy Dial
10.2%
Quiz Playlist
Details
Report
Send in Message
Add To Playlist
Classic:
Type in answers that appear in a list
Last Updated: Feb 16, 2017
Quiz Scoreboard
CHALLENGE
Sign Up to Join the Scoreboard
Show All
Scores
Hide
Comments
May contain spoilers
Recently Published
Alphabetical 'K' Countries by Flag Minefield
by ylime102
Geography
3m
Pick 6: Fruits
by JohnFran
Miscellaneous
15s
Click the 1999 NBA Draft
by nibperrychub
Sports
2m
More to Explore
Quiz From the Vault
Featured Blog Post
15 Basketball Trivia Facts You Can Be March Mad About
hide this ad
You Might Also Like...
Tags
1000
pittsburgh
Pittsburgh Steelers
Receiver
Yard
Today's Top Quizzes in Sports
Browse Sports
hide this ad
Today's Top Quizzes in Yard
Browse Yard
Top Contributed Quizzes in Sports
1
Les joueurs à 100 buts en Ligue 1 Uber Eats
2
2022 World Cup Stars
3
Millionaire: NBA Finals Edition
4
2024 March Madness Bracket
5
Players with Multiple 50 Home Run Seasons
6
Criteria MLB: Left Handed Sluggers
7
Nickname Match: Athletes VI
8
Iconic Moments in Football - Multiple Choice
9
NFL MVPs ordered
10
NBA Championships Per City
Explore More
Trending Topics
Anime
Harry Potter
Marvel
Kpop
NBA
Crossword
Disney
Puzzle
Soccer
The Office
Country
Song
WWE
NFL
Pokémon
hide this ad
More By:
joryrand
Quiz
Plays
Rating
Category
Featured
Created
Steelers 1,000 yard receivers
423
2.33
Sports
Dec 9, 2010
Hines Ward's Passers
133
3.00
Sports
Mar 20, 2012
MLB Team, Only 4 Letters
3
Sports
Jan 2, 2017
Go to Creator's Profile
Score Distribution
Quiz Creator Spotlight
joryrand
Follow
Send a Message
Quizzes Created
-
Created Quiz Play Count
-
More By This Creator
Popular Quizzes Today
1
Find the US States - No Outlines Minefield
2
Pick 6: Fruits
3
Countries of Asia Without Outlines Minefield
4
Alphabetical 'K' Countries by Flag Minefield
5
Match the Book to the Film X
6
The Countries of the World
7
NBA Logic Puzzle
8
Click the 1999 NBA Draft
More Sports Quizzes
Champions League Golden Glove Winners
Quiz Lab
Trending Quizzes
First Name TV: Leading Men
Match the Book to the Film II
First Name TV: Leading Women Drama
Match the Book to the Film VI
Pick A Pair: Religious TV
Recently Updated
Women's Final Four Teams by Year
bhenderson79
Presidents Quartet II
eogle
Anything But Clue(do)
eogle
Anything But Oceanian Capitals
eogle
Anything But 7
eogle
Anything But Thing
eogle
Word Ladder: February 29
pecheneg
Song Title Questions
pecheneg
Women's NCAA Tournament #1 Seeds
pecheneg
Celebrity Mug Shots
pecheneg
Trending Topics
Harry Potter
Marvel
Crossword
Disney
Anime
Kpop
NBA
WWE
Song
The Office
Soccer
Country
Puzzle
Pokémon
NFL
Your Account Isn't Verified!
In order to create a playlist on Sporcle, you need to verify the email address you used during registration. Go to your
Sporcle Settings
to finish the process.
Report this User
Report this user for behavior that violates our
Community Guidelines
.
Details:
Send Report
Go to the Sporcle.com Mobile Site →
Comments